Central Library OPAC University of Rajshahi

Genetics / (Record no. 12801)

MARC details
000 -LEADER
fixed length control field 00760nam a2200241 a 4500
001 - CONTROL NUMBER
control field 12801
003 - CONTROL NUMBER IDENTIFIER
rucl marc code BD-RjUL
005 - DATE AND TIME OF LATEST TRANSACTION
control field 20211208235347.0
008 - FIXED-LENGTH DATA ELEMENTS--GENERAL INFORMATION
fixed length control field 140129r20061985ii a b 001 0 eng c
020 ## - INTERNATIONAL STANDARD BOOK NUMBER
International Standard Book Number 8120309499
Terms of availability : IRs. 450.00
035 ## - SYSTEM CONTROL NUMBER
System control number (BD-RjUL)12851
040 ## - CATALOGING SOURCE
Original cataloging agency DNLM/DLC
Transcribing agency DLC
Modifying agency DLC
-- BD-RjUL
Language of cataloging eng
041 ## - LANGUAGE CODE
Language code of text/sound track or separate title eng
082 00 - DEWEY DECIMAL CLASSIFICATION NUMBER
Classification number 576.5
Edition number 23
Author mark and year STG 2006
100 1# - MAIN ENTRY--PERSONAL NAME
Personal name Strickberger, Monroe W.
9 (RLIN) 39891
245 10 - TITLE STATEMENT
Title Genetics /
Statement of responsibility, etc. Monroe W. Strickberger.
250 ## - EDITION STATEMENT
Edition statement 3rd ed., Indian Reprint ed., Eastern Economy ed.
260 ## - PUBLICATION, DISTRIBUTION, ETC. (IMPRINT)
Place of publication, distribution, etc. New Delhi :
Name of publisher, distributor, etc. Prentice-Hall of India Pvt. Ltd.,,
Date of publication, distribution, etc. c1985 [Reprint 2006].
300 ## - PHYSICAL DESCRIPTION
Pagination xxi, 842 p. :
Illustrations ill. ;
Size 26 cm.
504 ## - BIBLIOGRAPHY, ETC. NOTE
Bibliography, etc Includes bibliographies and indexes.
650 #0 - SUBJECT ADDED ENTRY--TOPICAL TERM
Topical term or geographic name as entry element Genetics.
9 (RLIN) 39892
942 ## - ADDED ENTRY ELEMENTS (KOHA)
Source of classification or shelving scheme Dewey Decimal Classification
Koha item type Books
Holdings
Lost status Source of classification or shelving scheme Damaged status Not for loan Collection code Permanent Location Current Location Shelving location Date acquired Source of acquisition Cost, normal purchase price Total Checkouts Full call number Date last seen Copy number Koha item type
  Dewey Decimal Classification   Not For Loan Non-fiction Central Library, University of Rajshahi Central Library, University of Rajshahi Reading Room 27/07/2008 Paragon Ent., Dhaka 450.00   576.5 STG 2006 29/01/2014 C-1 Books
  Dewey Decimal Classification     Non-fiction Central Library, University of Rajshahi Central Library, University of Rajshahi   27/07/2008 Paragon Enterprise Lit., Dhaka 450.00   576.5 STG 2006 20/05/2017 C-2 Books
  Dewey Decimal Classification     Non-fiction Central Library, University of Rajshahi Central Library, University of Rajshahi   27/07/2008 Dhaka, Paragon Enterprises Ltd. 450.00   576.5 STG 2006 16/08/2018 C-3 Books